000 00298nam a2200121Ia 4500
008 240731s9999 xx 000 0 und d
022 _a1469-5944
245 0 _aEuropean Planning Studies
260 _bRoutledge
856 _uhttps://www.tandfonline.com/loi/ceps20
942 _2ddc
942 _cTFEJ
999 _c76540
_d76540
945 _a1
_bMadushi Gamage
_c1
_dMadushi Gamage